000 00695nam a2200205 i 4500
001 26513
003 ES-MaACL
005 20250824063028.0
007 t|
008 030109s1940 sp ||||1| spa d
100 1 _aAunós Pérez, Eduardo,
_d1894-1967
_923920
245 1 0 _aDiscurso sobre las ciudades /
_cpor Eduardo Aunós Pérez.
260 _a[Madrid :
_bVértice.,
_c1940] (
_fSucs. de Rivadeneyra)
300 _a15 p. :
_bil. ;
_c28 cm.
490 1 _aSuplemento literario de "Vértice" ;
_vmayo 1940
650 4 _aCiudades-
_vHistoria.
_911076
830 1 _aSuplemento literario de "Vértice" ;
_vmayo 1940
_9181046
852 _aES-MaACL
_j1846-F-21
999 _c26513
_d26513